Los desafo̕s a las televisiones en Amřica Latina

Detalles Bibliográficos
Autor principal: Rocha, Simone Mara̕
Otros Autores: Lp̤ez de la Roche, Fabio
Formato: eBook
Lenguaje:español
Publicado: Bogot:̀ Universidad de Los Andes (Colombia), 2021
Materias:
Acceso en línea:Acceso restringido

MARC

LEADER 00000nam a22000007a 4500
005 20221028222531.0
007 cr|||| ||||
008 221028s2021 co |||||s|||| 00||0 spa d
020 |a 978-958-798-049-3 
035 |a 37424 
040 |a vLex 
090 |c 14063  |d 14063 
100 1 |a Rocha, Simone Mara̕ 
245 1 3 |a Los desafo̕s a las televisiones en Amřica Latina  |h [Recurso electrn̤ico] /  |c Simone Mara̕ Rocha, Fabio Lp̤ez de la Roche 
256 |a Servicio en ln̕ea 
260 |a Bogot:̀  |b Universidad de Los Andes (Colombia),  |c 2021 
300 |a 1 recurso electrn̤ico 
506 1 |a Disponible solo en los productos indicados  |d vLex Global  |d vLex Global (Academic Edition, excluding Law Schools)  |d vLex Global (U.S. Academic Edition, Law Schools)  |d vLex Global (U.S. Academic Edition, excluding Law Schools)  |d vLex Global (Academic Edition, Law Schools) 
650 0 4 |a Derecho Pb︢lico y Administrativo  |z Colombia 
650 0 4 |a Ciencias sociales  |z Colombia 
700 1 |a Lp̤ez de la Roche, Fabio 
740 0 |a vLex Libros (Servicio en ln̕ea) 
856 4 0 |u https://app.vlex.com/#/sources/37424  |z Acceso restringido 
942 |c BOOK 
999 0 |a Public and Administrative Law 
999 0 |a Social Sciences